000 01585cam a22002054a 4500
005 20250605164406.0
008 250528s ||||||||||||||||||||||||d
035 _a24851
020 _a9781405110891
040 _aGR-AtMCL
_bgre
_dGR-AtMCL
_eAACR2
245 1 _aHealth Psychology in Practice
260 _bBps Blackwell,
_c2004
300 _a418
520 _aThis book provides a comprehensive overview of the competences required for professional training in the UK (BPS Stage 2 Qualification in Health Psychology). Foreword, Acknowledgements, Health Psychology in Practice: Introduction, Health Psychology Training: The UK Model, International Commentaries, Using Theory in Research, Planning Research: Design and Sample and Measures, Analysing and Reporting Data in Health Research, Designing and Conducting Qualitative Studies, Planning and Conducting Systematic Reviews, Writing Grant Applications, Writing for Publication, Using Theory in Psychological Interventions, Consultancy: What Is It and How Do You Do it and Does it Make any Difference?, Health Psychology within Organizational Contents, Changing Behaviour to Improve Health, Studying and Changing Healthcare Professionals' Behaviour, Training and Teaching, Developing and Evaluating Training and Teaching, Supervising Effectively, Professional Roles and Practice, Health Psychology within Health Service Settings, A Framework for Professional Practice, Author and Subject Index.
700 1 _aAbraham Charles
_99591
700 1 _aMichie Suzan
_99592
942 _cBK
999 _c9688
_d9688